00392nam a2200133Ia 4500008004100000020001800041041001200059100001700071245009300088250000900181260004600190300000800236650001400244221030s9999 xx 000 0 und d a9789388267373 aEnglish aJ. N. Pandey 0aLaw of Torts with Consumer Protection Act & Motor Vehicles Act 10th Ed.cby J. N. Pandey a10th bCentral Law PublicationsaAllahabadc2021 a564 aTorts Law